000 00620nam a2200241Ia 4500
003 OSt
005 20221005122802.0
006 a|||||r|||| 00| 0
007 ta
008 221004b |||||||| |||| 00| 0 san d
024 _a59917
037 _cTextual
040 _aCRL
_cCRL
_bsan
041 _2san
_asan
082 _aO15,3D60,1, 33L3
100 _aNagavarma Au.
_9632598
245 0 _aKarnataka kadambari
260 _c1973
650 _a SANSKRIT LITERATURE
650 _aSANSKRIT FICTION
_91242
942 _hO15,3D60,1, 33L3
_cTEXL
_2cc
999 _c1045359
_d1045359